01248nam a22002778a 450000500170000000800410001701000140005802000270007203500130009903500170011203700150012903700170014404000180016108200150017924501300019426000400032427000810036430000330044550000500047850502600052865000560078865000260084465000430087070000190091370000380093220090512012742.0081113s2009 cau b 001 0 eng  aENG-93526 a9788178299051 c850.00 aEN-77059 aB-361398-412 bDBAD / PUB bAakar Books  adplbEnglish  a320.850954 aNew forms of urban governance in India :bshifts, models, networks and contestations /cedited by I.S.A. Baud [and] J. de Wit aNew Delhi bSAGE Publicationsc2008 aB1/I-1 Mohan Cooperative Industrial Area, Mathura Road, bNew Delhi e110044 axiv, 402p.:bill.c23cm(Hb)  aIncludes bibliographical references and index aShifts in urban governance : raising the questions / I.S.A. Baud and J. de Wit -- Urban governance in India-spotlight on Mumbai / M. Pinto -- Urban decentralization in Indian cities : assessing the performance of neighbourhood level wards committees / J.  aMunicipal governmentzIndiaxCitizen participation. aCity planningzIndia. aDecentralization in governmentzIndia. aBaud, I. S. A. aWit, Joop W. deq(Joop Wijnandus)